000 00292nam a2200097 4500
082 _aKAZ
100 _aKazi, M.A
245 _aPresidential Address by Allama I I Kazi delivered on Occasion of the New Year Day on 1st Jan 1954
260 _aJamshoro:
_bAllama I I Kazi Memorial,
_c1989.
942 _cBK
999 _c9865
_d9865